| 000 | 00576nam a22002057a 4500 | ||
|---|---|---|---|
| 005 | 20241213144911.0 | ||
| 010 | _aENG- 143054 | ||
| 020 |
_c293.00 _a9789357416245 |
||
| 035 | _aEN-126586 | ||
| 037 | _bDBAD | ||
| 082 | _a158.1 | ||
| 100 |
_aRohit _975159 |
||
| 245 |
_aLoose Ends/ _cby Rohit _bWhat is Truth |
||
| 250 | _aFirst | ||
| 260 |
_aNew Delhi _bBluerose Publishers _c2023 |
||
| 270 |
_bNew Delhi _minfo@bluerosepublishers.com _k8882898898 _k4407342408967 |
||
| 300 |
_a235p. _c20cm(pbk) |
||
| 700 | _975124 | ||
| 942 |
_2ddc _cEN _h158.1 _mROH _e1 |
||
| 999 |
_c207690 _d207690 |
||